Les comédies / (Record no. 168855)

MARC details
000 -LEADER
campo de control de longitud fija 00903nam a22002295i 4500
001 - NÚMERO DE CONTROL
campo de control 168855
003 - IDENTIFICADOR DE NÚMERO DE CONTROL
campo de control ES-MaACL
005 - FECHA Y HORA DE LA ÚLTIMA TRANSACCIÓN
campo de control 20250716062539.0
008 - DATOS DE LONGITUD FIJA--INFORMACIÓN GENERAL
campo de control de longitud fija 080616s1961 fr |||| | fre d
080 ## - NÚMERO DE LA CLASIFICACIÓN DECIMAL UNIVERSAL
Número de la Clasificación Decimal Universal 821.111-22"15"
100 1# - ENTRADA PRINCIPAL--NOMBRE DE PERSONA
Nombre de persona Shakespeare, William,
Fechas asociadas al nombre 1564-1616
9 (RLIN) 105992
245 14 - MENCIÓN DEL TÍTULO
Título Les comédies /
Mención de responsabilidad, etc. William Shakespeare ; nouvelle traduction française par Pierre Messiaen ; introductions et commentaires par Michèle Bernard... [et al.] ; sous la direction de José Axelard.
260 ## - PUBLICACIÓN, DISTRIBUCIÓN, ETC.
Lugar de publicación, distribución, etc. [S.l.] :
Nombre del editor, distribuidor, etc. Desclée de Brouwer,
Fecha de publicación, distribución, etc. [1961]
300 ## - DESCRIPCIÓN FÍSICA
Extensión 1147 p. ;
Dimensiones 17 cm.
490 1# - MENCIÓN DE SERIE
Mención de serie Bibliothèque européenne
700 1# - ENTRADA AGREGADA--NOMBRE PERSONAL
Nombre de persona Messiaen, Pierre.
9 (RLIN) 80685
700 1# - ENTRADA AGREGADA--NOMBRE PERSONAL
Nombre de persona Bernard, Michèle.
9 (RLIN) 137984
700 1# - ENTRADA AGREGADA--NOMBRE PERSONAL
Nombre de persona Axelrad, José.
9 (RLIN) 137985
830 0# - PUNTO DE ACCESO ADICIONAL DE SERIE-TÍTULO UNIFORME
Título uniforme Bibliothèque européenne
9 (RLIN) 222768
852 ## - LOCALIZACIÓN
Ubicación ES-MaACL
Número de control de estantería E-12192
itemnumber R.190419
Nota libre .- Biblioteca Jacinto Martínez Lacalle
Holdings
Estatus retirado Estado de pérdida Estado de daño No para préstamo Biblioteca de origen Biblioteca actual Ubicación en estantería Fecha de adquisición Fuente de adquisición Total de préstamos Signatura topográfica completa Código de barras Visto por última vez Precio de reemplazo Tipo de ítem Koha
        Biblioteca del Ateneo de Madrid Biblioteca del Ateneo de Madrid Depósito 2 16/06/2008     E-12192 1177206 23/02/2023 23/02/2023 Libro impreso